000 00325nam a2200133Ia 4500
008 240624s9999 xx 000 0 und d
041 _aeng
082 _a338.7 HAI
100 _aHAIKIO MARTTI
245 _aNOKIA THE INSIDE STORY
260 _c2002
_aLondon
_bFT Prentice Hall
300 _a254 : p. : cm. ; 24
365 _cRS
999 _c26993
_d26993